000
00304nam a22001337a 4500
008
210531b ||||| |||| 00| 0 eng d
041
_a
eng
080
_a
621
082
_a
621
100
_a
26
101
_a
MEK
245
_a
Heat and Mass Transfer in Process Metallurgy
_c
Hills,A.W
942
_2
udc
_c
BK
999
_c
57828
_d
57828